Hoffer. (Record no. 6525)

MARC details
005 - DATE AND TIME OF LATEST TRANSACTION
control field 20250702070808.0
020 ## - INTERNATIONAL STANDARD BOOK NUMBER
International Standard Book Number 978-1-444-79759-6
082 ## - DEWEY DECIMAL CLASSIFICATION NUMBER
Classification number 823.92
100 ## - MAIN ENTRY--PERSONAL NAME
Author name GLENCROSS, T.
245 ## - TITLE STATEMENT
Title Hoffer.
260 ## - PUBLICATION, DISTRIBUTION, ETC.
Place of publication, distribution, etc. Great Britain
Name of publisher, distributor, etc. MURRAY, J.
Date of publication, distribution, etc. 2017.
300 ## - PHYSICAL DESCRIPTION
Extent 225p.:
Dimensions 26cm
942 ## - ADDED ENTRY ELEMENTS (KOHA)
Source of classification or shelving scheme Dewey Decimal Classification
Koha item type Books
Holdings
Date last seen Total checkouts Full call number Barcode Cost, replacement price Price effective from Koha item type Lost status Source of classification or shelving scheme Damaged status Not for loan Withdrawn status Home library Current library Shelving location Date acquired Cost, normal purchase price
07/02/2025   823.92 GLE DOM0003059 90000.00 07/02/2025 Books   Dewey Decimal Classification       CBE Dodoma CBE Dodoma General Collection 07/02/2025 30000.00
07/02/2025   823.92 GLE DOM0003061 90000.00 07/02/2025 Books   Dewey Decimal Classification       CBE Dodoma CBE Dodoma General Collection 07/02/2025 30000.00